banner-ar

النظام السياسى فى كينيا منذ الاستقلال / (Record no. 62866)

MARC details
000 -الفاتح
حقل البيانات ثابتة الطول 00991nam a22002537a 4500
005 - وقت وتاريخ اخر تعامل مع التسجيلة
رقم الضبط 20240530110611.0
008 - عناصر البيانات ثابتة الطول - معلومات عامة
حقل البيانات ثابتة الطول 161015s2015 ua b g b 000 0 ara d
017 ## - رقم الايداع القانونى
رقم الايداع القانونى 2014/15698
المصدر ( الهيئة المختصة) مصر. دار الكتب
020 ## - الرقم الدولى المعيارى للكتب
الرقم الدولى المعيارى للكتاب 9789772767830
040 ## - مصدر الفهرسة
وكالة الفهرسة الأصلية EG-CaGPL
وكالة النسخ EG-CaGPL
082 04 - رقم تصنيف ديوى العشرى
رقم الطبعة 21
رقم التصنيف 320.96762\
رقم المادة ع ن
100 0# - المدخل الرئيسى - إسم شخصى
الإسم الشخصى عبدالستار ابوالحسن عدوى غريب
245 12 - بيان العنوان
العنوان النظام السياسى فى كينيا منذ الاستقلال /
بيان المسئوليه,etc عبدالستار ابوالحسن عدوى غريب
250 ## - بيان الطبعة
بيان الطبعة ط1.
260 ## - PUBLICATION, DISTRIBUTION, ETC. (IMPRINT)
تاريخ النشر أو التوزيع 2015 .
300 ## - الوصف المادى
التعداد 642 ص ؛
أبعاد الوعاء 24 سم .
490 0# - بيان السلسلة
عنوان السلسلة مكتبة عبدالملك عودة الافريقية .
504 ## - تبصرة ببليوجرافية
تبصرة ببليوجرافية,الخ ببليوجرافية : ص 617 - 640
650 04 - المدخل الاضافى بالموضوع-مصطلح موضوعى
مصدر الرأس أو المصطلح qrmak
مصطلح موضوعي كينيا
650 04 - المدخل الاضافى بالموضوع-مصطلح موضوعى
مصطلح موضوعي كينيا
التقسيم الفرعي العام تاريخ
مصدر الرأس أو المصطلح qrmak
651 07 - المدخل الاضافى بالموضوع - اسم جغرافى
الاسم الجغرافي كينيا
التقسيم الفرعي العام الاحوال السياسية .
مصدر الرأس أو المصطلح qrmak
942 ## - عناصر المدخل الإضافي( كوها)
مصدر التصنيف او مخطط الترفيف Dewey Decimal Classification
Koha [default] item type كتاب
260 ## - PUBLICATION, DISTRIBUTION, ETC. (IMPRINT)
-- القاهرة :
-- المكتب العربى للمعارف ،
Holdings
حالة التراجع حالة الفقد حالة تلف ليس للاعارة المكان المؤقت الموقع الحالى موقع الترفيف تاريخ الاكتساب اجمالي اﻻعارات رقم الطلب الباركود تاريخ اخر مشاهدة تاريخ تفعيل السعر نوع وعاء كوها
        مكتبة القاهرة الكبرى مكتبة القاهرة الكبرى القاعة الرئيسية 11/17/2016   320.96762\ ع ن 162756 11/17/2016 11/17/2016 كتاب

Powered By

EGPV